Implantacióny producción de grama rhodes (Chloris gayana Kunt) en bajos salino-sódicos del oeste bonaerense /

Guardado en:
Autor Principal: Monte, Ezequiel Alfredo.
Autor Corporativo: Universidad Nacional del Sur. Departamento de Agronomía.
Otros Autores: Adúriz, Miguel A., (tutor.)
Formato: Libro
Idioma:Spanish
Publicado: Bahía Blanca, 2011.
Etiquetas: Agregar Etiqueta
Sin Etiquetas, Sea el primero en etiquetar este registro!
LEADER 00755nam a22001695a 4500
001 EEA.libagro008524
005 20160927121641.0
008 130809s2011####ag#a##########000#0#spa#d
082 0 4 |a 633.208 
100 1 |a Monte, Ezequiel Alfredo. 
245 1 0 |a Implantacióny producción de grama rhodes (Chloris gayana Kunt) en bajos salino-sódicos del oeste bonaerense /  |c Ezequiel Alfredo Monte. 
260 |a Bahía Blanca,  |c 2011. 
300 |a 30 h. :  |b ilus. ;  |c 30 cm. 
502 |a Trabajo de intensificación (Ingeniero Agrónomo) -- Universidad Nacional del Sur. Departamento de Agronomía, 2011. 
700 1 |a Adúriz, Miguel A.,  |e tutor. 
710 2 |a Universidad Nacional del Sur.  |b Departamento de Agronomía. 
859 |a AR-BbBCA  |b BIB. AGRONOMIA  |h 633.208  |i M772  |p 2011/5937